000 01201nam a22003497a 4500
003 CHAP
005 20220329141126.0
008 971010s1973 r 00010 d
010 _a62992
011 _a63964
035 _a68896
040 _cCHAP
090 _aFolleto 2789
100 0 0 _aMartínez Medina, Lorenzo.
_972276
245 1 _aImportancia de las zonas áridas en el desarrollo general del país
260 _aMéxico, D. F. :
_bProductora Nacional de Semilla,
_c[1973]
300 _a30 p.
590 _aBATCH-UPD
_b10
_c20130110
_lUCH01
_h0102
590 _aBATCH-UPD
_b10
_c20130110
_lUCH01
_h1711
590 _aBATCH-UPD
_b10
_c20130410
_lUCH01
_h1057
590 _aBATCH-UPD
_b10
_c20130914
_lUCH01
_h1416
590 _aCONVERSION
_b10
_c20130109
_lUCH01
_h1334
650 1 4 _aFlora desértica.
_941326
650 1 4 _aRegiones áridas.
_995669
650 1 4 _aRegiones áridas
_xInvestigación.
_995686
700 0 _aMaldonado Aguirre, Lorenzo Jaime.
_970075
901 _aBK
942 _cFOLL
949 _aFolleto 2789
_bBC
_cFOLL
_d-146640
_eTS1
_i68896
_si
949 _aFolleto 2789
_bBC
_cFOLL
_d-146641
_eTS2
_fc.2
_i68896
_si
949 _aFolleto 2789
_bBC
_cFOLL
_d-146642
_eTS2
_fc.3
_i68896
_si
999 _c62992
_d62992